000 00675nam a2200289Ia 4500
005 20260324140247.0
008 008 260324s9999 xx 000 0 eng d
020 _a9781315046334
037 _aEBOOK
040 _aCRL
040 _beng
040 _cCRL
041 _2eng
041 _aeng
084 _qCRL
100 _aTimothy Koschmann
_91187652
245 0 _aMeaning Making
245 2 _bA Special Issue of Discourse Processes
260 _bTaylor and Francis
260 _c1999
365 _a
365 _b130
856 _uhttp://www.taylorfrancis.com/books/9781315046334
942 _cEBOOK
999 _c1805619
_d1805619